[Event "NOR-chT 1112"]
[Site "Norway"]
[Date "2012.03.23"]
[Round "7"]
[White "Harestad, Hans Krogh"]
[Black "Bae, Torstein"]
[Result "0-1"]
[WhiteElo "2258"]
[BlackElo "2419"]
[PlyCount "50"]
[EventDate "2011.11.04"]
[EventType "team-tourn"]
[EventRounds "9"]
[EventCountry "NOR"]
[SourceTitle "EXT 2013"]
[Source "ChessBase"]
[SourceDate "2012.11.22"]
[SourceVersion "1"]
[SourceVersionDate "2012.11.22"]
[SourceQuality "1"]
[WhiteTeam "SOSS"]
[BlackTeam "Oslo SK 1911"]
[WhiteTeamCountry "NOR"]
[BlackTeamCountry "NOR"]

1. d4 Nf6 2. c4 g6 3. Nf3 Bg7 4. g3 0-0 5. Bg2 d6 6. 0-0 Nc6 7. Nc3 a6 8. b3 Rb8 9. Nd5 Nxd5 10. cxd5 Nb4 11. e4 f5 12. Ng5 h6 13. Nh3 fxe4 14. Nf4 g5 15. Ng6 Rf5 16. Bxe4 Nxd5 17. g4 Nc3 18. Qd3 Nxe4 19. Qxe4 Rf7 20. Re1 Bf6 21. h4 Qd7 22. f3 e6 23. Be3 b5 24. Bf2 Bb7 25. Qd3 Bxf3 0-1

[Event "Copenhagen Bronshoj op"]
[Site "Copenhagen"]
[Date "2012.02.13"]
[Round "6"]
[White "Pedersen, Henrik Bolding"]
[Black "Harestad, Hans Krogh"]
[Result "0-1"]
[WhiteElo "2112"]
[BlackElo "2265"]
[PlyCount "66"]
[EventDate "2012.02.10"]
[EventType "swiss"]
[EventRounds "7"]
[EventCountry "DEN"]
[SourceTitle "EXT 2015"]
[Source "ChessBase"]
[SourceDate "2014.11.20"]
[SourceVersion "1"]
[SourceVersionDate "2014.11.20"]
[SourceQuality "1"]

1. e4 d6 2. d4 Nf6 3. Bd3 e5 4. c3 Be7 5. Ne2 0-0 6. 0-0 Re8 7. f3 d5 8. dxe5 dxe4 9. exf6 Bc5+ 10. Kh1 exd3 11. Ng3 Qxf6 12. Qxd3 Qg6 13. Qxg6 hxg6 14. Bf4 Bb6 15. Nd2 Be6 16. Rfe1 Nd7 17. Nb3 Bxb3 18. axb3 Nc5 19. Rxe8+ Rxe8 20. Ne4 Nxe4 21. fxe4 Rxe4 22. Bg3 Re2 23. Rb1 g5 24. h3 f5 25. b4 f4 26. Be1 Rc2 27. b3 Kf7 28. Kh2 Ke6 29. c4 Be3 30. Kh1 Kf5 31. b5 g4 32. hxg4+ Kxg4 33. Bb4 f3 0-1